000 00340pam a2200133 a 4500
020 _a81-203-2824-8
_c
041 _h
082 _aKAP/
_bATK
100 _aKALPAN,R.S./ ATKINSON. A.A.
245 _aADVANCED MANAGEMENT ACCOUNTING
_hTextual Documents
260 _aNEW DELHI
_bPRENTICE HALL OF INDIA
_c2004
300 _a798
930 _a16089
999 _c135268
_d135268